000 00565nam a2200181 i 4500
001 109387
003 ES-MaACL
005 20250820135636.0
007 t|
008 061121s1954 sp r ||||1| spa d
100 1 _aMistral, Frédéric,
_d1830-1914
_981664
245 1 0 _aPoesías /
_cFederico Mistral ; traducción y prólogo de José María Espinas Masip.
260 _aBarcelona :
_bFama,
_c1954.
300 _a122 p. ;
_c16 cm.
700 1 _aEspinàs, Josep M.,
_d1927-
_947850
852 _aES-MaACL
_jC-10127
_bR.36420
999 _c109387
_d109387